00657 2200217 4500001002100000005001500021035002000036007000300056008004100059020002200100082001300122084001900135100002900154245007300183250002000256260006800276300003200344650002000376650002600396990001700422INLIS00000000000093920250713085133 a0010-0725000939ta250713 a 0 ind  a978-623-307-233-5 aPB 741.5 aPB 741.5 BAT n0 aBatubara, Didiek Hardadi1 aNurin :bSi Anak Elang Penjajah Nusantara /cDidiek Hardadi Batubara aCetakan Pertama aJakarta Timur :bBadan Pengembangan dan Pembinaan Bahasa,c2024 a24 hlm. :bIlus. ;c29,7 cm 4aKomik-Indonesia 4aLiterasi-Bahan Bacaan aTBM202400652